Operating systems : design and implementation /

Сохранить в:
Библиографические подробности
Главный автор: Tanenbaum, Andrew S.
Формат:
Язык:English
Опубликовано: Upper Saddle River NJ : Prentice Hall, 1997.
Редактирование:2nd ed.
Предметы:
Метки: Добавить метку
Нет меток, Требуется 1-ая метка записи!
Thư viện lưu trữ: Mạng thư viện Đại học Đà Nẵng
LEADER 00856cam a2200325 i 4500
001 000045463
003 4642
005 20041027080217.0
008 010220b1997 vm 000 eng
020 |a 0136386776 
040 |a IRC  |c IRC  |d IRC 
041 0 |a eng 
082 1 4 |a 005.432  |b TA-A 
100 1 |a Tanenbaum, Andrew S. 
245 1 0 |a Operating systems :  |b design and implementation /  |c Andrew S.Tanenbaum. 
250 |a 2nd ed. 
260 |a Upper Saddle River NJ :  |b Prentice Hall,  |c 1997. 
300 |a xvii, 939 p. :  |b ill. 
630 0 4 |a Operating systems. 
650 0 4 |a Operating systems (Computer program) 
OWN |a DUT 
999 |a From the UDN01 
TYP |a Monograph 
TYP |a Printed language 
980 |a Mạng thư viện Đại học Đà Nẵng